000 00553nam a22001937a 4500
005 20251108164020.0
008 250721s1980 xx 000 0 ara d
082 1 4 _a216,4/أحم
100 1 _aالحصري، أحمد
245 1 0 _aالتركات و الوصايا في الفقه الإسلامي /
250 _aط 2
264 1 _aعمان :
_bمكتبة الأقصى،
_c1980.
300 _a616ص
650 1 7 _aالإسلام
650 1 7 _aالفقه
650 1 7 _aالمعاملات (فقه إسلامي)
942 _2ddc
_cBK
999 _c1463
_d1463